01366nam a2200229 i 4500001000400000003000900004005001700013008003900030040000800069080001100077080001000088084001100098100013900109245012300248260002300371500002100394520048700415650001300902650002600915650002100941700017400962BPPKOSZ 00520180704124716.0140625s1995 pl f |000 0 pol cBPK a631.56 a633.1 a430000 aTARNOWSKI, Wojciech.d1986 - 1996.bWyższa Szkoła Inżynierska w Koszalinie - Wydział Mechaniczny,cKatedra Systemów Sterowania aInteligentny układ pomiaru wilgotności ciał sypkich czasu rzeczywistego /cWojciech Tarnowski, Dariusz Tomkiewicz. aKoszalin,c[1995]. aDane z autopsji. aCelem pracy było zaprojektowanie, wykonanie i sprawdzenie układu pomiarowego wilgotności w złożach ziarna, wykorzystującego dynamiczne sygnały otrzymane ze zbioru czujników umieszczonych w złożu, w powietrzu dolotowym i wylotowym oraz sztuczną sieć neuronową, dającą na wyjściu liniowy, niezakłócony pomiar zawartości wody w materiale, a także opracowanie elementów metodyki konstrukcji i uczenia sieci neuronowej przeznaczonej do takich celów. 0aZboże. aSuszenie konwekcyjne. 0aSieci neuronowe. aTOMKIEWICZ, Dariusz.d1992 - 1996.bWyższa Szkoła Inżynierska w Koszalinie - Wydział Mechaniczny,cKatedra Systemów Sterowania - Zakład Automatyki Przemysłowej